[Event "GBR-ch110 Major Open"]
[Site "Hull"]
[Date "2024.07.31"]
[Round "5.41"]
[White "Chantrell, Paul"]
[Black "Sasikumar, Srivathsan"]
[Result "1/2-1/2"]
[WhiteElo "1735"]
[BlackElo "1900"]
[PlyCount "140"]
[EventDate "2024.07.27"]
[EventType "swiss"]
[EventRounds "9"]
[EventCountry "GBR"]
[SourceTitle "BritBase"]
[Source "John Saunders"]
[SourceDate "2025.02.20"]
[SourceVersion "1"]
[SourceVersionDate "2025.02.20"]
[SourceQuality "1"]

1. e4 c5 2. Nf3 Nc6 3. d4 cxd4 4. Nxd4 g6 5. c4 Nf6 6. Nc3 d6 7. Be2 Nxd4 8. Qxd4 Bg7 9. Be3 O-O 10. Qd2 Be6 11. O-O Rc8 12. b3 a6 13. Rab1 Nd7 14. Rfc1 Qc7 15. Bd4 f5 16. Bxg7 Kxg7 17. exf5 Bxf5 18. Nd5 Qc5 19. b4 Qa7 20. Rb3 Be4 21. Re3 Bxd5 22. Qxd5 Ne5 23. c5 b6 24. Rcc3 bxc5 25. bxc5 Rf5 26. Qe6 Rxc5 27. Rxc5 Qxc5 28. Qxe7+ Rf7 29. Qh4 Qc1+ 30. Bf1 Qa1 31. Qa4 Qb2 32. Re2 Qb6 33. Qe4 h5 34. h3 a5 35. Rc2 g5 36. Rd2 g4 37. hxg4 hxg4 38. Bd3 Kh6 39. Bc2 Kg5 40. Rd4 Qb2 41. Rxd6 Qa1+ 42. Bb1 Qb2 43. Qe3+ Rf4 44. Be4 Qa1+ 45. Kh2 Qxa2 46. Rd2 Qc4 47. g3 Qxe4 48. gxf4+ Qxf4+ 49. Qxf4+ Kxf4 50. Ra2 Nc6 51. Rc2 Nb4 52. Rc3 Nd5 53. Ra3 Nf6 54. Rxa5 Ne4 55. Kg2 Ng5 56. Ra8 Ne4 57. Rf8+ Ke5 58. Kg1 Nf6 59. Kf1 Kf5 60. Ke2 Ke5 61. Rf7 Ke6 62. Ra7 Ke5 63. Ra5+ Kf4 64. Kd3 Nd7 65. Kd4 Nf6 66. Ra8 Kg5 67. Ke5 Nd7+ 68. Kd6 Nf6 69. Ke5 Nd7+ 70. Kd6 Nf6 1/2-1/2

[Event "GBR-ch110 Major Open"]
[Site "Hull"]
[Date "2024.07.31"]
[Round "5.42"]
[White "Mittal, Advik"]
[Black "Rastogi, Nayan Keats"]
[Result "1/2-1/2"]
[WhiteElo "1619"]
[BlackElo "1859"]
[PlyCount "119"]
[EventDate "2024.07.27"]
[EventType "swiss"]
[EventRounds "9"]
[EventCountry "GBR"]
[SourceTitle "BritBase"]
[Source "John Saunders"]
[SourceDate "2025.02.20"]
[SourceVersion "1"]
[SourceVersionDate "2025.02.20"]
[SourceQuality "1"]

1. d4 Nf6 2. Bf4 d5 3. e3 c5 4. c3 Nc6 5. Nd2 Bf5 6. Qb3 Qb6 7. Qxb6 axb6 8. Bb5 e6 9. Ngf3 Nd7 10. O-O Be7 11. Rfe1 O-O 12. a3 Nf6 13. h3 Na7 14. Bf1 c4 15. Nh4 Bc2 16. Rac1 Ba4 17. Nhf3 Nc6 18. e4 dxe4 19. Nxe4 Nd5 20. Bh2 b5 21. Be2 Na5 22. Ned2 Rfc8 23. Bd1 Nb6 24. Bg3 Bf8 25. Ne5 f6 26. Ng4 Kf7 27. Kh2 Nd7 28. f3 h5 29. Nf2 g6 30. f4 Bxd1 31. Rcxd1 f5 32. Kg1 Nb6 33. Bh2 Nd5 34. h4 Bd6 35. g3 Nc6 36. Nf3 Re8 37. Kg2 Rad8 38. Ng5+ Kf6 39. Nf3 Ke7 40. Ng5 Kd7 41. Nf3 Re7 42. Re2 Rde8 43. Rde1 Kc7 44. Ng5 Nd8 45. Nf3 Kb6 46. Kg1 Ka5 47. Kg2 Ka4 48. Nd2 Nc6 49. Nh3 Na5 50. Ng5 Nc7 51. Kg1 Nb3 52. Ngf3 Nd5 53. Ng5 Nxd2 54. Rxd2 Kb3 55. Rde2 b6 56. Kg2 Bxa3 57. bxa3 Nxc3 58. Re3 Kc2 59. d5 Nxd5 60. R1e2+ 1/2-1/2

[Event "GBR-ch110 Major Open"]
[Site "Hull"]
[Date "2024.07.31"]
[Round "5.43"]
[White "Vaidyanathan, Sathya"]
[Black "Cawston, M John"]
[Result "1-0"]
[WhiteElo "1844"]
[BlackElo "1776"]
[PlyCount "95"]
[EventDate "2024.07.27"]
[EventType "swiss"]
[EventRounds "9"]
[EventCountry "GBR"]
[SourceTitle "BritBase"]
[Source "John Saunders"]
[SourceDate "2025.02.20"]
[SourceVersion "1"]
[SourceVersionDate "2025.02.20"]
[SourceQuality "1"]

1. e4 Nf6 2. e5 Nd5 3. d4 d6 4. Nf3 g6 5. Bc4 c6 6. Bxd5 cxd5 7. O-O dxe5 8. Nxe5 Bg7 9. f4 O-O 10. h3 Nc6 11. Re1 Be6 12. c3 Rc8 13. Nd2 Nxe5 14. fxe5 b5 15. Nf3 h6 16. a3 a5 17. Qe2 Qb6 18. Bd2 Rc6 19. Ra2 Rfc8 20. Rea1 R8c7 21. Ne1 Bf5 22. Kh1 Be4 23. Nd3 Bxd3 24. Qxd3 Rc4 25. Qf3 e6 26. Qg3 Kh7 27. Qh4 Rd7 28. Rf1 Rc8 29. Raa1 Qd8 30. Qg3 Qc7 31. Qg4 Qc4 32. Qd1 Bf8 33. Rf4 Qc7 34. Rh4 Qd8 35. Rf4 Rb8 36. Qe2 b4 37. axb4 axb4 38. Raf1 bxc3 39. Bxc3 Rbb7 40. Qd3 Bg7 41. Ra1 Ra7 42. Rff1 Qa8 43. b4 Bf8 44. b5 Rxa1 45. Rxa1 Ra7 46. Qb1 Rxa1 47. Qxa1 Qb8 48. Qa6 1-0

[Event "GBR-ch110 Major Open"]
[Site "Hull"]
[Date "2024.07.31"]
[Round "5.45"]
[White "Howorth, Jack"]
[Black "Sui, Yueyue"]
[Result "1-0"]
[WhiteElo "1830"]
[BlackElo "1749"]
[PlyCount "139"]
[EventDate "2024.07.27"]
[EventType "swiss"]
[EventRounds "9"]
[EventCountry "GBR"]
[SourceTitle "BritBase"]
[Source "John Saunders"]
[SourceDate "2025.02.20"]
[SourceVersion "1"]
[SourceVersionDate "2025.02.20"]
[SourceQuality "1"]

1. e4 e6 2. d4 d5 3. Nc3 dxe4 4. Nxe4 Nd7 5. Nf3 Ngf6 6. Nxf6+ Nxf6 7. Ne5 c5 8. Bb5+ Bd7 9. Nxd7 Nxd7 10. O-O a6 11. Be2 Be7 12. dxc5 Nxc5 13. Qxd8+ Rxd8 14. Rd1 Bf6 15. Rxd8+ Kxd8 16. c3 Kc7 17. Bf4+ e5 18. Be3 Nd7 19. Rd1 Rd8 20. Bc4 Rf8 21. a4 Be7 22. b4 f6 23. a5 Re8 24. Be6 Nf8 25. Bb6+ Kb8 26. Bb3 Rc8 27. Rd3 g6 28. f3 Rc6 29. Bg8 Rd6 30. Rxd6 Bxd6 31. Kf2 Kc8 32. Ke3 f5 33. Kd3 Kd7 34. Bd5 Kc8 35. h3 Nd7 36. Be6 Bc7 37. Kc4 Kd8 38. Be3 Ke7 39. Bg8 h5 40. Bg5+ Kd6 41. Bf7 Nf8 42. Bh6 Ke7 43. Bd5 b6 44. axb6 Bxb6 45. Bb7 Ne6 46. Bxa6 f4 47. Kd5 Bd4 48. cxd4 Nc7+ 49. Kxe5 Nxa6 50. b5 Nc7 51. b6 Na6 52. b7 Kd7 53. Bxf4 Kc7 54. Kf6+ Kxb7 55. Kxg6 Kc6 56. Kxh5 Kd5 57. Be5 Nb4 58. g4 Ke6 59. f4 Kf7 60. g5 Nd5 61. f5 Ne7 62. g6+ Kg8 63. f6 Nd5 64. Kg5 Ne3 65. h4 Nd5 66. h5 Nb6 67. h6 Nd7 68. h7+ Kh8 69. Kh6 Nxe5 70. g7# 1-0

[Event "GBR-ch110 Major Open"]
[Site "Hull"]
[Date "2024.07.31"]
[Round "5.46"]
[White "Neenan, Henry"]
[Black "Ewart, Thomas"]
[Result "1-0"]
[WhiteElo "1793"]
[BlackElo "1550"]
[PlyCount "49"]
[EventDate "2024.07.27"]
[EventType "swiss"]
[EventRounds "9"]
[EventCountry "GBR"]
[SourceTitle "BritBase"]
[Source "John Saunders"]
[SourceDate "2025.02.20"]
[SourceVersion "1"]
[SourceVersionDate "2025.02.20"]
[SourceQuality "1"]

1. e4 e5 2. Nc3 Nf6 3. Bc4 Nxe4 4. Qh5 Nd6 5. Bb3 Nc6 6. Nb5 g6 7. Qf3 f5 8. Qd5 Qe7 9. Nxc7+ Kd8 10. Nxa8 b6 11. Qf3 Nd4 12. Qh3 Bb7 13. Nxb6 axb6 14. d3 e4 15. Be3 exd3 16. O-O-O Nxb3+ 17. cxb3 Qe4 18. Nf3 Qc6+ 19. Kb1 Qc2+ 20. Ka1 Bg7 21. Bxb6+ Kc8 22. Nd4 Qxf2 23. Qxd3 Qxg2 24. Rc1+ Bc6 25. Qa6+ 1-0

[Event "GBR-ch110 Major Open"]
[Site "Hull"]
[Date "2024.07.31"]
[Round "5.47"]
[White "Patton, Zachary"]
[Black "Van Uytvange, Jonas"]
[Result "1-0"]
[WhiteElo "1871"]
[BlackElo "1685"]
[PlyCount "58"]
[EventDate "2024.07.27"]
[EventType "swiss"]
[EventRounds "9"]
[EventCountry "GBR"]
[SourceTitle "BritBase"]
[Source "John Saunders"]
[SourceDate "2025.02.20"]
[SourceVersion "1"]
[SourceVersionDate "2025.02.20"]
[SourceQuality "1"]

1. e4 e5 2. Nf3 Nc6 3. d4 exd4 4. Nxd4 Bc5 5. Be3 Qf6 6. c3 Qg6 7. f3 Nge7 8. Nd2 a6 9. N2b3 Bb6 10. Qc2 d6 11. O-O-O Be6 12. Kb1 a5 13. Nxe6 Qxe6 14. Bxb6 cxb6 15. Qf2 O-O 16. Qxb6 a4 17. Nd4 Nxd4 18. Qxd4 a3 19. Qxd6 Qxd6 20. Rxd6 Rfc8 21. Rd7 Nc6 22. Bb5 axb2 23. Kxb2 Ra5 24. Rxb7 Ne5 25. Rd1 Rca8 26. a4 g5 27. Rd5 f6 28. Kb3 Kf8 29. Rxh7 Rb8 1-0

[Event "GBR-ch110 Major Open"]
[Site "Hull"]
[Date "2024.07.31"]
[Round "5.48"]
[White "Storey, Cameron"]
[Black "Saxena, Advik"]
[Result "0-1"]
[WhiteElo "1860"]
[BlackElo "1666"]
[PlyCount "89"]
[EventDate "2024.07.27"]
[EventType "swiss"]
[EventRounds "9"]
[EventCountry "GBR"]
[SourceTitle "BritBase"]
[Source "John Saunders"]
[SourceDate "2025.02.20"]
[SourceVersion "1"]
[SourceVersionDate "2025.02.20"]
[SourceQuality "1"]

1. e4 c5 2. b3 e6 3. Bb2 Nf6 4. e5 Nd5 5. Nf3 Nc6 6. Bb5 Qc7 7. O-O Be7 8. Re1 O-O 9. d3 a6 10. Bxc6 bxc6 11. Nbd2 f6 12. Nc4 fxe5 13. Bxe5 d6 14. Bg3 Rd8 15. Qd2 Bf6 16. d4 cxd4 17. a4 d3 18. Qxd3 Bxa1 19. Rxa1 e5 20. Rd1 Qe7 21. Ncxe5 dxe5 22. Bh4 e4 23. Bxe7 exd3 24. Bxd8 dxc2 25. Rc1 Bf5 26. Ba5 Nf4 27. Nd4 c5 28. Bd2 Nd3 29. Rxc2 cxd4 30. Rc6 Rf8 31. Rd6 Nc5 32. Rxd4 Nxb3 33. Rd6 Nxd2 34. Rxd2 Rc8 35. Rd1 Bc2 36. Rc1 Rd8 37. a5 Rd1+ 38. Rxd1 Bxd1 39. f4 Kf7 40. Kf2 Ke6 41. Ke3 Kd5 42. Kd2 Ba4 43. Kc3 Ke4 44. Kd2 Kxf4 45. Kd3 0-1

[Event "GBR-ch110 Major Open"]
[Site "Hull"]
[Date "2024.07.31"]
[Round "5.49"]
[White "Berkley, Stephen W"]
[Black "Pleimling, Luc"]
[Result "1/2-1/2"]
[WhiteElo "1830"]
[BlackElo "1615"]
[PlyCount "50"]
[EventDate "2024.07.27"]
[EventType "swiss"]
[EventRounds "9"]
[EventCountry "GBR"]
[SourceTitle "BritBase"]
[Source "John Saunders"]
[SourceDate "2025.02.20"]
[SourceVersion "1"]
[SourceVersionDate "2025.02.20"]
[SourceQuality "1"]

1. d4 d5 2. c4 e6 3. Nc3 Nf6 4. Nf3 c5 5. e3 Nc6 6. a3 Be7 7. Bd3 dxc4 8. Bxc4 cxd4 9. exd4 O-O 10. O-O a6 11. Bg5 b5 12. Be2 Bb7 13. Rc1 h6 14. Bh4 Re8 15. Qd2 Nd5 16. Bxe7 Ncxe7 17. Ne4 Rc8 18. Nc5 Qb6 19. Nd7 Qd6 20. Nc5 Qb6 21. b4 Ng6 22. g3 Nf6 23. Ne5 Nxe5 24. dxe5 Ne4 25. Nxe4 Bxe4 1/2-1/2

[Event "GBR-ch110 Major Open"]
[Site "Hull"]
[Date "2024.07.31"]
[Round "5.50"]
[White "Buffard, Julien"]
[Black "Roul, Tushar"]
[Result "1/2-1/2"]
[WhiteElo "1665"]
[BlackElo "1783"]
[PlyCount "95"]
[EventDate "2024.07.27"]
[EventType "swiss"]
[EventRounds "9"]
[EventCountry "GBR"]
[SourceTitle "BritBase"]
[Source "John Saunders"]
[SourceDate "2025.02.20"]
[SourceVersion "1"]
[SourceVersionDate "2025.02.20"]
[SourceQuality "1"]

1. e4 c6 2. d4 d5 3. f3 Qb6 4. Nc3 dxe4 5. fxe4 e5 6. dxe5 Bc5 7. Na4 Qa5+ 8. c3 Be7 9. Nf3 b5 10. b4 Qxa4 11. Qxa4 bxa4 12. Bc4 Ba6 13. Bxa6 Nxa6 14. Bf4 c5 15. b5 Nc7 16. c4 Ne6 17. Be3 f6 18. O-O fxe5 19. Nxe5 Nf6 20. Nc6 Nd8 21. Nxe7 Kxe7 22. Bxc5+ Ke6 23. Bb4 Nf7 24. e5 Nd7 25. Rae1 Rhe8 26. Re4 a6 27. Bd6 Nxd6 28. exd6+ Ne5 29. Rd1 Kd7 30. bxa6 Rxa6 31. Rd5 Ng6 32. Red4 Re5 33. c5 a3 34. Kf2 Rxd5 35. Rxd5 Ra8 36. Ke3 Kc6 37. Rf5 Rb8 38. Kd4 Nf8 39. Kc4 Ng6 40. Kd4 Rb4+ 41. Kc3 Rb2 42. Rf7 Kxc5 43. d7 Rb8 44. Rxg7 Kc6 45. Rxh7 Kc7 46. Rg7 Nf8 47. h4 Rb2 48. h5 1/2-1/2

[Event "GBR-ch110 Major Open"]
[Site "Hull"]
[Date "2024.07.31"]
[Round "5.51"]
[White "Li, Reya"]
[Black "Jacobs, Simon"]
[Result "1-0"]
[WhiteElo "1766"]
[BlackElo "1683"]
[PlyCount "52"]
[EventDate "2024.07.27"]
[EventType "swiss"]
[EventRounds "9"]
[EventCountry "GBR"]
[SourceTitle "BritBase"]
[Source "John Saunders"]
[SourceDate "2025.02.20"]
[SourceVersion "1"]
[SourceVersionDate "2025.02.20"]
[SourceQuality "1"]

1. e4 c6 2. d4 d5 3. exd5 cxd5 4. Bd3 Nc6 5. Nf3 Bg4 6. c3 Qc7 7. h3 Bh5 8. Be3 e6 9. Nbd2 Bd6 10. Qc2 Bg6 11. a3 Nge7 12. O-O Nf5 13. b3 Nxe3 14. fxe3 Bxd3 15. Qxd3 O-O 16. c4 dxc4 17. bxc4 Rfd8 18. Ng5 g6 19. Rxf7 Rd7 20. Nxe6 Qc8 21. Rxd7 Qxd7 22. d5 Re8 23. Kh1 Ne5 24. Qd4 Bb8 25. Rf1 Qd6 26. Ne4 Qxa3 1-0

[Event "GBR-ch110 Major Open"]
[Site "Hull"]
[Date "2024.07.31"]
[Round "5.52"]
[White "Guarnieri, Federico"]
[Black "Pattni, Kishan"]
[Result "1/2-1/2"]
[WhiteElo "1572"]
[BlackElo "1746"]
[PlyCount "70"]
[EventDate "2024.07.27"]
[EventType "swiss"]
[EventRounds "9"]
[EventCountry "GBR"]
[SourceTitle "BritBase"]
[Source "John Saunders"]
[SourceDate "2025.02.20"]
[SourceVersion "1"]
[SourceVersionDate "2025.02.20"]
[SourceQuality "1"]

1. d4 f5 2. Nc3 d5 3. Bg5 h6 4. Bf4 c6 5. e3 Nf6 6. Be2 g6 7. Nf3 Be6 8. Ne5 Bf7 9. Nxf7 Kxf7 10. O-O Nbd7 11. f3 Bg7 12. e4 e6 13. e5 Nh7 14. b4 b5 15. a3 Qb6 16. Kh1 g5 17. Bg3 Nhf8 18. Na2 Ng6 19. c3 h5 20. h3 h4 21. Bh2 f4 22. Nc1 Ne7 23. Nb3 Nf5 24. Re1 Ng3+ 25. Bxg3 hxg3 26. Nc5 Nf8 27. Bd3 Rh6 28. Kg1 Ng6 29. Bxg6+ Rxg6 30. Kf1 a5 31. Qc2 Ra7 32. Nb3 a4 33. Nc5 Bf8 34. Nd3 Rh6 35. Ke2 Rh8 1/2-1/2

[Event "GBR-ch110 Major Open"]
[Site "Hull"]
[Date "2024.07.31"]
[Round "5.53"]
[White "Parikh, Naavya"]
[Black "Borissow, Alastair"]
[Result "1-0"]
[WhiteElo "1711"]
[BlackElo "1532"]
[PlyCount "93"]
[EventDate "2024.07.27"]
[EventType "swiss"]
[EventRounds "9"]
[EventCountry "GBR"]
[SourceTitle "BritBase"]
[Source "John Saunders"]
[SourceDate "2025.02.20"]
[SourceVersion "1"]
[SourceVersionDate "2025.02.20"]
[SourceQuality "1"]

1. e4 c6 2. d4 d5 3. exd5 cxd5 4. Bb5+ Nc6 5. Bxc6+ bxc6 6. Nf3 Bg4 7. O-O e6 8. Nbd2 Be7 9. c3 Nf6 10. Qa4 Qc7 11. Re1 O-O 12. Ne5 Rac8 13. h3 Bf5 14. g4 Be4 15. f3 Bg6 16. f4 Be4 17. g5 Nd7 18. Nxe4 Nxe5 19. dxe5 dxe4 20. Qxe4 Qb6+ 21. Kg2 c5 22. b3 Qc6 23. Qxc6 Rxc6 24. Bb2 Rd8 25. Rad1 Rcc8 26. Ba3 Rc6 27. Rxd8+ Bxd8 28. Rd1 Bb6 29. b4 g6 30. b5 Rc8 31. c4 Kf8 32. Kf3 Ke8 33. Bc1 Rd8 34. Rxd8+ Kxd8 35. Be3 Kc7 36. a4 a5 37. Ke4 Kd7 38. h4 Ke7 39. h5 gxh5 40. f5 Kf8 41. Bf2 Kg7 42. Bh4 Bd8 43. g6 Bxh4 44. f6+ Kxg6 45. b6 Bf2 46. b7 Kg5 47. b8=Q 1-0

[Event "GBR-ch110 Major Open"]
[Site "Hull"]
[Date "2024.07.31"]
[Round "5.54"]
[White "Swiatkowski, Dominik"]
[Black "Robertson, Jim"]
[Result "1-0"]
[WhiteElo "1523"]
[BlackElo "1686"]
[PlyCount "45"]
[EventDate "2024.07.27"]
[EventType "swiss"]
[EventRounds "9"]
[EventCountry "GBR"]
[SourceTitle "BritBase"]
[Source "John Saunders"]
[SourceDate "2025.02.20"]
[SourceVersion "1"]
[SourceVersionDate "2025.02.20"]
[SourceQuality "1"]

1. e4 g6 2. d4 Bg7 3. Nf3 d6 4. Bc4 e6 5. O-O a6 6. a4 b6 7. Nc3 Nd7 8. Bf4 Ne7 9. Re1 Bb7 10. h4 h6 11. Qd2 e5 12. Bg3 f5 13. exf5 Bxf3 14. gxf3 Nxf5 15. dxe5 dxe5 16. Qd5 Rf8 17. Rad1 Ne7 18. Qe4 Qb8 19. Rxd7 Kxd7 20. Bxe5 Nf5 21. Bxg7 Re8 22. Be6+ Kd8 23. Bf6+ 1-0

[Event "GBR-ch110 Major Open"]
[Site "Hull"]
[Date "2024.07.31"]
[Round "5.55"]
[White "Sobolevski, Damien"]
[Black "Srivastava, Siddhartha Shankar"]
[Result "0-1"]
[WhiteElo "1041"]
[BlackElo "1595"]
[PlyCount "56"]
[EventDate "2024.07.27"]
[EventType "swiss"]
[EventRounds "9"]
[EventCountry "GBR"]
[SourceTitle "BritBase"]
[Source "John Saunders"]
[SourceDate "2025.02.20"]
[SourceVersion "1"]
[SourceVersionDate "2025.02.20"]
[SourceQuality "1"]

1. d4 d5 2. Nc3 Nf6 3. Bf4 g6 4. Qd2 Bg7 5. Nf3 a6 6. e3 Nbd7 7. Bd3 O-O 8. h3 c5 9. O-O-O b5 10. g4 Bb7 11. Rdg1 Qa5 12. Kb1 b4 13. Ne2 c4 14. Bf5 Ne4 15. Bxe4 dxe4 16. Ne1 Rfc8 17. c3 bxc3 18. Nxc3 e5 19. dxe5 Nxe5 20. h4 Rd8 21. Qe2 Nd3 22. h5 Nxb2 23. Qxb2 Bxc3 24. Qxb7 Rd1+ 25. Kc2 Rd2+ 26. Kc1 Qa3+ 27. Kb1 Rd1+ 28. Kc2 Qc1# 0-1

[Event "GBR-ch110 Major Open"]
[Site "Hull"]
[Date "2024.07.31"]
[Round "5.56"]
[White "Kulibaev, Richard"]
[Black "Ba, Amy"]
[Result "1/2-1/2"]
[WhiteElo "1213"]
[BlackElo "1471"]
[PlyCount "72"]
[EventDate "2024.07.27"]
[EventType "swiss"]
[EventRounds "9"]
[EventCountry "GBR"]
[SourceTitle "BritBase"]
[Source "John Saunders"]
[SourceDate "2025.02.20"]
[SourceVersion "1"]
[SourceVersionDate "2025.02.20"]
[SourceQuality "1"]

1. e4 c6 2. d4 d5 3. exd5 cxd5 4. Nf3 Nc6 5. Bb5 Nf6 6. Ne5 Bd7 7. Nxd7 Qxd7 8. O-O e6 9. f4 Bd6 10. f5 O-O 11. Bg5 Ne4 12. Bh4 exf5 13. Qf3 Qe6 14. Nc3 Nd2 15. Qxf5 Nxf1 16. Rxf1 Nxd4 17. Qd3 Nxb5 18. Nxb5 Bc5+ 19. Kh1 Qc6 20. Nc3 d4 21. Ne4 Bb6 22. Nf6+ gxf6 23. Qg3+ Kh8 24. Bxf6+ Qxf6 25. Rxf6 Rae8 26. h3 Re3 27. Rf3 Rfe8 28. Qf4 R8e7 29. Qf6+ Kg8 30. Rf5 Re1+ 31. Rf1 Rxf1+ 32. Qxf1 Ba5 33. Qf4 Bc7 34. Qg4+ Kf8 35. Qc8+ Kg7 36. Qg4+ Kf8 1/2-1/2

[Event "GBR-ch110 Major Open"]
[Site "Hull"]
[Date "2024.08.01"]
[Round "6.1"]
[White "Fava, Lorenzo"]
[Black "Price, Gwilym T"]
[Result "1-0"]
[WhiteElo "2161"]
[BlackElo "2217"]
[PlyCount "79"]
[EventDate "2024.07.27"]
[EventType "swiss"]
[EventRounds "9"]
[EventCountry "GBR"]
[SourceTitle "BritBase"]
[Source "John Saunders"]
[SourceDate "2025.02.20"]
[SourceVersion "1"]
[SourceVersionDate "2025.02.20"]
[SourceQuality "1"]

1. e4 c5 2. Nf3 e6 3. b3 a6 4. Bb2 Nc6 5. c4 Nf6 6. e5 Ng4 7. h3 Nh6 8. Nc3 d6 9. d4 cxd4 10. Nxd4 Nxe5 11. Qd2 Be7 12. O-O-O Ng6 13. g3 Ng8 14. Bg2 Nf6 15. Kb1 Rb8 16. f4 e5 17. Nde2 O-O 18. Rhf1 exf4 19. Nxf4 b5 20. cxb5 Nxf4 21. Qxf4 axb5 22. Qd4 Be6 23. g4 Qb6 24. Qf4 b4 25. Ne2 Qa5 26. Ba1 Rfc8 27. Nd4 Nd5 28. Bxd5 Bxd5 29. Nf5 Bf8 30. Qd4 Rc2 31. Kxc2 Qxa2+ 32. Qb2 Bxb3+ 33. Kd2 Qxb2+ 34. Bxb2 Bxd1 35. Rxd1 g6 36. Ne3 Rb5 37. Ra1 f5 38. Ra7 d5 39. Rd7 fxg4 40. Nxg4 1-0

[Event "GBR-ch110 Major Open"]
[Site "Hull"]
[Date "2024.08.01"]
[Round "6.2"]
[White "Yoon, Jacob D"]
[Black "Jaunooby, Ali Reza"]
[Result "1/2-1/2"]
[WhiteElo "2118"]
[BlackElo "2145"]
[PlyCount "96"]
[EventDate "2024.07.27"]
[EventType "swiss"]
[EventRounds "9"]
[EventCountry "GBR"]
[SourceTitle "BritBase"]
[Source "John Saunders"]
[SourceDate "2025.02.20"]
[SourceVersion "1"]
[SourceVersionDate "2025.02.20"]
[SourceQuality "1"]

1. e4 e5 2. Nf3 Nf6 3. Nxe5 Nxe4 4. d4 d5 5. Bd3 Bd6 6. O-O O-O 7. c4 c6 8. Re1 Bxe5 9. dxe5 Nc5 10. Nc3 d4 11. Ne4 Nxe4 12. Bxe4 f5 13. Bf3 Be6 14. b3 Qb6 15. Ba3 c5 16. Bd5 Na6 17. Qf3 Rf7 18. Rab1 Re8 19. Re2 Nc7 20. Bxb7 Bxc4 21. Rc2 Rxe5 22. Rxc4 Nb5 23. Bxc5 Qxb7 24. Qxb7 Rxb7 25. Bxd4 Re2 26. Rc8+ Kf7 27. Bc5 Rxa2 28. Rf8+ Kg6 29. Re1 Rf7 30. Re6+ Rf6 31. Rexf6+ gxf6 32. g3 Nc3 33. Kg2 Ne4 34. Bd4 a5 35. Rg8+ Kf7 36. Ra8 Ra3 37. Ra7+ Kg6 38. Rb7 Ra2 39. Rb5 h6 40. Be3 a4 41. bxa4 Rxa4 42. Rb8 Ng5 43. h4 Nf7 44. Rb6 h5 45. Bc5 Ne5 46. Rb7 f4 47. gxf4 Rxf4 48. Rb4 Rxb4 1/2-1/2

[Event "GBR-ch110 Major Open"]
[Site "Hull"]
[Date "2024.08.01"]
[Round "6.3"]
[White "Angst, Robin"]
[Black "Ther, Mate"]
[Result "1/2-1/2"]
[WhiteElo "2249"]
[BlackElo "2001"]
[PlyCount "83"]
[EventDate "2024.07.27"]
[EventType "swiss"]
[EventRounds "9"]
[EventCountry "GBR"]
[SourceTitle "BritBase"]
[Source "John Saunders"]
[SourceDate "2025.02.20"]
[SourceVersion "1"]
[SourceVersionDate "2025.02.20"]
[SourceQuality "1"]

1. e4 e5 2. Nc3 Nf6 3. Bc4 Bc5 4. d3 Nc6 5. Bg5 h6 6. Bh4 Be7 7. Bxf6 Bxf6 8. Nge2 Na5 9. Ng3 Nxc4 10. dxc4 g6 11. Nd5 d6 12. Nxf6+ Qxf6 13. Qd3 Bg4 14. f3 Bd7 15. O-O-O O-O-O 16. Kb1 Qe6 17. Ne2 f5 18. Nc3 fxe4 19. Qxe4 Bc6 20. Nd5 Kb8 21. Rhe1 Rdf8 22. f4 Bxd5 23. cxd5 Qf5 24. fxe5 Qxe4 25. Rxe4 dxe5 26. Rxe5 Rf2 27. Rde1 Rd8 28. R5e2 Rxe2 29. Rxe2 c6 30. c4 cxd5 31. Rd2 Kc7 32. cxd5 Rf8 33. Re2 Kd7 34. Kc2 Rf5 35. Kd3 Rxd5+ 36. Ke4 Kd6 37. Rf2 Re5+ 38. Kd4 Rd5+ 39. Kc4 Rc5+ 40. Kd4 Rd5+ 41. Kc4 Rc5+ 42. Kd4 1/2-1/2

[Event "GBR-ch110 Major Open"]
[Site "Hull"]
[Date "2024.08.01"]
[Round "6.4"]
[White "Liu, Jack"]
[Black "Bharat Kumar, Balahari"]
[Result "1/2-1/2"]
[WhiteElo "2098"]
[BlackElo "1989"]
[PlyCount "173"]
[EventDate "2024.07.27"]
[EventType "swiss"]
[EventRounds "9"]
[EventCountry "GBR"]
[SourceTitle "BritBase"]
[Source "John Saunders"]
[SourceDate "2025.02.20"]
[SourceVersion "1"]
[SourceVersionDate "2025.02.20"]
[SourceQuality "1"]

1. e4 c5 2. Nf3 d6 3. d4 cxd4 4. Nxd4 Nf6 5. Nc3 a6 6. Bg5 e6 7. f4 Qc7 8. Qf3 b5 9. Bxf6 gxf6 10. O-O-O Bb7 11. a3 Nd7 12. f5 e5 13. Nb3 Nb6 14. Na5 Rc8 15. Nxb7 Na4 16. Rd3 Nxc3 17. Nxd6+ Bxd6 18. Rxc3 Qb7 19. Rxc8+ Qxc8 20. Be2 Qc6 21. Rd1 Ke7 22. Qd3 Rd8 23. Bf3 Bc7 24. Qe2 Rd4 25. c3 Rc4 26. Kb1 a5 27. Qd2 b4 28. axb4 axb4 29. cxb4 Rd4 30. Qc2 Qxc2+ 31. Kxc2 Rxb4 32. b3 Rd4 33. Ra1 Rd7 34. h3 Bb6 35. Be2 Ra7 36. Rxa7+ Bxa7 37. Kd3 Bd4 38. Kc4 Kd6 39. Bh5 Be3 40. Bxf7 Ba7 41. Kd3 Ke7 42. Bh5 Kd6 43. Ke2 Ke7 44. Kf3 Bd4 45. Kg3 Kf8 46. Be2 Bc3 47. Kg4 Kg7 48. Kh5 Bd2 49. Bd1 Bb4 50. Kg4 Kf8 51. Be2 Be1 52. Bc4 Bb4 53. Bd5 Ba5 54. Kh5 Kg7 55. g4 Bd2 56. h4 h6 57. Be6 Kh7 58. Bf7 Kg7 59. Bg6 Kh8 60. b4 Bxb4 61. Kxh6 Bf8+ 62. Kh5 Kg7 63. Be8 Bc5 64. Bc6 Bb4 65. Bd5 Bc5 66. g5 Bf8 67. Kg4 Be7 68. Bc6 Bd8 69. Be8 Be7 70. Bg6 Bd8 71. gxf6+ Bxf6 72. h5 Be7 73. Kf3 Bg5 74. Ke2 Kf6 75. Kd3 Bh6 76. Kc4 Bg7 77. Kd5 Bh6 78. Kd6 Bg7 79. Kd7 Bh6 80. Ke8 Bg7 81. Bf7 Bh6 82. Bd5 Bg7 83. Kd7 Bh6 84. Be6 Bg7 85. Kc6 Bh6 86. Kd5 Bg7 87. h6 1/2-1/2

[Event "GBR-ch110 Major Open"]
[Site "Hull"]
[Date "2024.08.01"]
[Round "6.5"]
[White "Roberts, David L"]
[Black "Nicholas, Koichi B"]
[Result "0-1"]
[WhiteElo "1963"]
[BlackElo "2097"]
[PlyCount "104"]
[EventDate "2024.07.27"]
[EventType "swiss"]
[EventRounds "9"]
[EventCountry "GBR"]
[SourceTitle "BritBase"]
[Source "John Saunders"]
[SourceDate "2025.02.20"]
[SourceVersion "1"]
[SourceVersionDate "2025.02.20"]
[SourceQuality "1"]

1. e4 e5 2. Nf3 Nc6 3. d4 exd4 4. Nxd4 Nf6 5. Nxc6 bxc6 6. e5 Qe7 7. Qe2 Nd5 8. c4 Ba6 9. b3 g6 10. g3 Bg7 11. Bb2 O-O 12. Bg2 Rae8 13. O-O Bxe5 14. Qxe5 Qxe5 15. Bxe5 Rxe5 16. cxd5 Bxf1 17. Kxf1 cxd5 18. Nc3 c6 19. Rd1 a5 20. Bf3 Rb8 21. Be2 Kf8 22. Bd3 Ke7 23. Bc2 Kd6 24. a3 Rbe8 25. Bd3 f5 26. Ne2 Rb8 27. Bc2 c5 28. Nc3 d4 29. Na4 Kc6 30. Nb2 Re7 31. Rc1 d6 32. Bd1 Ra7 33. Ke2 Kc7 34. Kd2 Rab7 35. Nc4 Rxb3 36. Bxb3 Rxb3 37. Nxa5 Rxa3 38. Nc4 Ra2+ 39. Ke1 Kc6 40. Nd2 Kd5 41. h3 h6 42. h4 Ra4 43. h5 gxh5 44. Ke2 c4 45. Nb1 Ra2+ 46. Kf3 Rb2 47. Rd1 d3 48. Ke3 Re2+ 49. Kf3 Kd4 50. Na3 Rb2 51. Rh1 d5 52. Nb1 d2 0-1